Fundamentals of legal writing (Record no. 1806)

MARC details
000 -LEADER
fixed length control field 00374nam a2200157Ia 4500
020 ## - INTERNATIONAL STANDARD BOOK NUMBER
ISBN 81-85488-02-9
082 ## - DEWEY DECIMAL CLASSIFICATION NUMBER
Classification number 340.954 SHA-;
100 ## - MAIN ENTRY--AUTHOR NAME
Personal name Sharma, Ganga Sahai
245 #0 - TITLE STATEMENT
Title Fundamentals of legal writing
260 ## - PUBLICATION, DISTRIBUTION, ETC. (IMPRINT)
Place of publication Jaipur
Name of publisher University Book
Year of publication 1992
300 ## - PHYSICAL DESCRIPTION
Number of Pages 210p.
650 ## - SUBJECT ADDED ENTRY--TOPICAL TERM
Topical Term Law - Sources
650 ## - SUBJECT ADDED ENTRY--TOPICAL TERM
Topical Term Legal language
650 ## - SUBJECT ADDED ENTRY--TOPICAL TERM
Topical Term Law - Language
942 ## - ADDED ENTRY ELEMENTS (KOHA)
Koha item type Books
Holdings
Withdrawn status Lost status Damaged status Not for loan Home library Current library Date acquired Bill Date Full call number Accession Number Price effective from Koha item type
        NASSDOC Library NASSDOC Library 08/06/2004 2008-12-30 340.954 SHA-; 34338 18/04/2019 Books